Capital cities without vowels - Statistics

General Stats
  • This quiz has been taken 27 times
  • The average score is 9 of 22
Answer Stats
Hint: Capital City: % Correct
lgrs Algiers
74%
skpj Skopje
74%
thns Athens
65%
mnc Monaco
61%
ttw Ottawa
61%
msct Muscat
52%
prtprnc Port-au-Prince
48%
prg Prague
48%
vntn Vientiane
48%
p Apia
43%
sntg Santiago
43%
dl Dili
39%
fnft Funafuti
39%
bng Bangui
30%
bnsrs Buenos Aires
30%
hnr Honiara
30%
cr Cairo
26%
ncs Nicosia
26%
brt Beirut
17%
lnd Luanda
17%
mlb Malabo
17%
rs Roseau
17%
No matching quizzes found
Score Distribution
Percent of People with Each Score
Percentile by Number Answered
Your Score History
You have not taken this quiz